00652nam a2200193Ia 4500008004100000020001800041082001200059100002000071245005300091250000800144260007000152300002300222500001900245600002000264650002000284942000700304952013000311999001700441240925s9999 xx 000 0 und d a9789352607006 a332 GIR aGiri, Pratap S. 0aInvestment Banking: concepts, analyses and cases a3rd aNew Delhi:bMcGraw Hill Education (India) Private Limitedc,2017. a506p.b0fOriginal aIncludes Index aSocial Sciences aSocial Sciences cBK 001040708SSaUITUbUITUd2019-01-22eAllied Book Companyg1029.60l0o332 GIRpQ13993r2024-09-25 07:17:05w2024-09-25yBK c16492d16492